| 000 | 00783nam a22002777a 4500 | ||
|---|---|---|---|
| 003 | CHAP | ||
| 005 | 20220329134618.0 | ||
| 008 | 971013s r 00010 d | ||
| 010 | _a23003 | ||
| 011 | _a23975 | ||
| 035 | _a28072 | ||
| 040 | _cCHAP | ||
| 090 | _aFolleto 4659y | ||
| 100 | 0 | 0 |
_aDurkin, John J. _934660 |
| 245 | 1 | _aCómo controlar los pulgones manchados de la alfalfa | |
| 260 |
_a(s.l.) : _b(s.e.), _c(s.a.) |
||
| 300 | _a7 h. | ||
| 590 |
_aBATCH-UPD _b10 _c20130110 _lUCH01 _h1259 |
||
| 590 |
_aCONVERSION _b10 _c20130109 _lUCH01 _h1313 |
||
| 650 | 1 | 4 |
_aAlfalfa _xPlagas. _93882 |
| 650 | 1 | 4 |
_aControl de plagas. _927595 |
| 650 | 1 | 4 |
_aPterocallidium trifoli. _992647 |
| 901 | _aBK | ||
| 942 | _cFOLL | ||
| 949 |
_aFolleto 4659y _bBC _cFOLL _d-64767 _eTS1 _i28072 _mD _si |
||
| 999 |
_c23003 _d23003 |
||